000 00748 a2200229 4500
001 20944
005 20260407155501.0
008 260407a1997 arg spa d
003 AR-UNSa-BCEJYS
040 _aAR-UNSa-BCEJYS
_bspa
_cAR-UNSa-BCEJYS
080 _a347.736
_xQuiebra. Insolvencia. Suspensión de pagos. Bancarrota, procedimientos. Derecho Concursal
245 1 0 _aConcursos y quiebras
_pcomentario exegético de la Ley 24.522. Jurisprudencia aplicable
250 _a6a. ed.
264 1 _aBuenos Aires :
_bAstrea
_c1997
300 _axlviii, 583 p.
_c23 cm.
942 _cBK
590 _aniveau_biblio:m niveau_hierar:0
100 1 _aGebhardt, Marcelo
700 1 _aFassi, Santiago C.
650 _aLey 24.522
650 _a ley 24 522
999 _c760
_d760